原来,使用者才是老大 (Record no. 65181)

000 -LEADER
fixed length control field 00507nam a22001937a 4500
003 - CONTROL NUMBER IDENTIFIER
control field MPLRDC
005 - DATE AND TIME OF LATEST TRANSACTION
control field 20220104193408.0
008 - FIXED-LENGTH DATA ELEMENTS--GENERAL INFORMATION
fixed length control field 210129b ||||| |||| 00| 0 eng d
020 ## - INTERNATIONAL STANDARD BOOK NUMBER
International Standard Book Number 978-986-241-773-7
082 ## - DEWEY DECIMAL CLASSIFICATION NUMBER
Classification number 496.5 SHA
100 ## - MAIN ENTRY--PERSONAL NAME
Personal name AARON SHAPIRO
245 ## - TITLE STATEMENT
Title 原来,使用者才是老大
Statement of responsibility, etc. 洪慧芳 译
250 ## - EDITION STATEMENT
Edition statement 初版
260 ## - PUBLICATION, DISTRIBUTION, ETC.
Place of publication, distribution, etc. 台湾
Name of publisher, distributor, etc. 天下杂志股份有限公司
Date of publication, distribution, etc. 2013
300 ## - PHYSICAL DESCRIPTION
Other physical details
490 ## - SERIES STATEMENT
Series statement 天下财经: 243
650 ## - SUBJECT ADDED ENTRY--TOPICAL TERM
Topical term or geographic name entry element 推销策略
942 ## - ADDED ENTRY ELEMENTS (KOHA)
Koha item type Book
-- 496.5 SHA
Holdings
Withdrawn status Lost status Source of classification or shelving scheme Damaged status Not for loan Collection code Home library Current library Shelving location Date acquired Cost, normal purchase price Total Checkouts Total Renewals Full call number Barcode Date last seen Date last checked out Price effective from Koha item type Public note
            Malaysian Public Library, Research and Development Centre Malaysian Public Library, Research and Development Centre   20/05/2014 45.80   1 496.5 SHA 00059185 18/03/2021 04/09/2016 18/03/2021 Book mplrdc

© 2022. Malaysian Public Library, Research and Development Centre. All Right ReservedE-mailmplrdc@help.edu.my 

Powered by Koha